<?xml version="1.0" encoding="UTF-8"?><?xml-stylesheet type="text/xsl" href="static/style.xsl"?><OAI-PMH xmlns="http://www.openarchives.org/OAI/2.0/" xmlns:xsi="http://www.w3.org/2001/XMLSchema-instance" xsi:schemaLocation="http://www.openarchives.org/OAI/2.0/ http://www.openarchives.org/OAI/2.0/OAI-PMH.xsd"><responseDate>2026-06-07T06:30:01Z</responseDate><request verb="GetRecord" identifier="oai:riuma.uma.es:10630/41306" metadataPrefix="marc">https://riuma.uma.es/rest/oai/request</request><GetRecord><record><header><identifier>oai:riuma.uma.es:10630/41306</identifier><datestamp>2026-02-03T11:43:52Z</datestamp><setSpec>com_10630_2254</setSpec><setSpec>col_10630_37956</setSpec></header><metadata><record xmlns="http://www.loc.gov/MARC21/slim" xmlns:dcterms="http://purl.org/dc/terms/" xmlns:doc="http://www.lyncode.com/xoai" xmlns:xsi="http://www.w3.org/2001/XMLSchema-instance" xsi:schemaLocation="http://www.loc.gov/MARC21/slim http://www.loc.gov/standards/marcxml/schema/MARC21slim.xsd">
   <leader>00925njm 22002777a 4500</leader>
   <datafield ind2=" " ind1=" " tag="042">
      <subfield code="a">dc</subfield>
   </datafield>
   <datafield ind2=" " ind1=" " tag="720">
      <subfield code="a">Ríos-Moyano, Sonia</subfield>
      <subfield code="e">author</subfield>
   </datafield>
   <datafield ind2=" " ind1=" " tag="260">
      <subfield code="c">2021</subfield>
   </datafield>
   <datafield ind2=" " ind1=" " tag="520">
      <subfield code="a">Este capítulo analiza de manera crítica el papel de Pablo Picasso en la configuración de la identidad cultural, visual y turística del Centro Histórico de Málaga, examinando cómo la figura del artista se ha convertido en un eje simbólico con capacidad para transformar el tejido urbano y la percepción colectiva de la ciudad. A partir de un enfoque interdisciplinar que combina estudios de patrimonio, análisis cultural y gestión urbana, la autora demuestra que la presencia de Picasso -a través de instituciones, museos, itinerarios, dispositivos de comunicación y políticas culturales- ha generado un proceso de “identificación patrimonial” que redefine tanto la memoria histórica como las dinámicas económicas y sociales del entorno urbano.&#xd;
&#xd;
El texto analiza cómo esta construcción identitaria opera en tres niveles: la reinterpretación del pasado local, la activación turística basada en la marca Picasso y la producción de discursos culturales que articulan la imagen contemporánea de Málaga. El estudio señala también los riesgos asociados a la museificación y la patrimonialización excesiva, así como las tensiones entre autenticidad, explotación turística y gestión sostenible del centro histórico. La aportación es relevante para comprender cómo las figuras icónicas influyen en la producción de identidades urbanas contemporáneas y ofrece un marco teórico útil para estudios de patrimonio, urbanismo cultural y políticas de imagen-ciudad.</subfield>
   </datafield>
   <datafield ind1="8" ind2=" " tag="024">
      <subfield code="a">Ríos Moyano, S. (2021). Picasso y su influencia en la construcción de una identidad en el Centro Histórico de Málaga / Picasso and his influence on the construction of an identity in the historic city centre of Malaga. En E. Ortega Berenguer (Ed.), Patrimonio histórico, artístico y geográfico: Lecturas críticas, docencia, actualidad y avances (pp. 127–144). Marcial Pons. ISBN 978-84-1381-155-0.</subfield>
   </datafield>
   <datafield ind1="8" ind2=" " tag="024">
      <subfield code="a">978-84-1381-155-0</subfield>
   </datafield>
   <datafield ind1="8" ind2=" " tag="024">
      <subfield code="a">https://hdl.handle.net/10630/41306</subfield>
   </datafield>
   <datafield tag="653" ind2=" " ind1=" ">
      <subfield code="a">Picasso, Pablo (1881-1973) - Influencia</subfield>
   </datafield>
   <datafield tag="653" ind2=" " ind1=" ">
      <subfield code="a">Centros históricos - Málaga</subfield>
   </datafield>
   <datafield ind2="0" ind1="0" tag="245">
      <subfield code="a">Picasso y su influencia en la construcción de una identidad en el Centro Histórico de Málaga</subfield>
   </datafield>
</record>
</metadata></record></GetRecord></OAI-PMH>